Graph algebras
Αποθηκεύτηκε σε:
| Κύριος συγγραφέας: | |
|---|---|
| Μορφή: | Βιβλίο |
| Γλώσσα: | English |
| Δημοσίευση: |
Providence, RI :
American Mathematical Society,
c2005
|
| Σειρά: | Regional conference series in mathematics ;
; 103 |
| Θέματα: | |
| Ετικέτες: |
Προσθήκη ετικέτας
Δεν υπάρχουν, Καταχωρήστε ετικέτα πρώτοι!
|
MARC
| LEADER | 00000nam a2200000 i 4500 | ||
|---|---|---|---|
| 001 | 1/68881 | ||
| 008 | 071220s2005 eng d | ||
| 020 | |a 0-8218-3660-9 | ||
| 035 | |l 10093304 | ||
| 040 | |a GR-MY-UA |b gre |e aacr | ||
| 041 | 0 | |a eng | |
| 082 | 0 | |a 512 |2 (22) | |
| 100 | 1 | |a Raeburn, Iain |d 1949- | |
| 245 | 1 | 0 | |a Graph algebras / |c Iain Raeburn |
| 260 | |a Providence, RI : |b American Mathematical Society, |c c2005 | ||
| 300 | |a vii, 113 σ.; |b εικ.; |c 26 εκ. | ||
| 490 | 1 | |a CBMS regional conference series in mathematics |v ; 103 | |
| 504 | |a Περιέχει βιβλιογραφικές παραπομπές (σ. 105-110) και ευρετήριο | ||
| 650 | 0 | 0 | |a Algebra |x Graphic methods |x Congresses. |
| 650 | 0 | 0 | |a Graph theory |x Congresses. |
| 830 | 0 | |a Regional conference series in mathematics ; |v ; 103 | |
| 852 | |a INST |b SAMOS |e 20071220 |h 512 RAE |p 005300027474 |q 005300027474 |t BK |y 0 | ||
| 901 | |a BIBL3-2007-3 | ||
| 909 | |a Σ |b 140407 | ||
| 922 | |a 3ΕΛΗ |b 200711 |c ΕΠΕΑΕΚ2/ΤΜΗΜΑ ΜΑΘΗΜΑΤΙΚΩΝ |d ΕΛΕΥΘΕΡΟΥΔΑΚΗΣ | ||
| 970 | |a ΡΟΥΣΣΟΥ |b ΚΩΝΣΤΑΝΤΙΝΑ |z 2007/12/19 | ||